Comprehensive Commerce (Record no. 3210)

MARC details
005 - DATE AND TIME OF LATEST TRANSACTION
control field 20250605113701.0
020 ## - INTERNATIONAL STANDARD BOOK NUMBER
International Standard Book Number 9966-25-343-2
100 ## - MAIN ENTRY--PERSONAL NAME
Author name RWABUTOGA, G. R
245 ## - TITLE STATEMENT
Title Comprehensive Commerce
260 ## - PUBLICATION, DISTRIBUTION, ETC.
Place of publication, distribution, etc. Dar es salaam
Name of publisher, distributor, etc. Ujuzi Education Publisher Limited
Date of publication, distribution, etc. 2005
300 ## - PHYSICAL DESCRIPTION
Extent xvii, 412p.: ill.;figure, table
Other physical details Index.
Dimensions 24cm
942 ## - ADDED ENTRY ELEMENTS (KOHA)
Source of classification or shelving scheme Dewey Decimal Classification
Koha item type Books
Holdings
Date last seen Total checkouts Barcode Cost, replacement price Price effective from Koha item type Lost status Source of classification or shelving scheme Damaged status Not for loan Withdrawn status Home library Current library Shelving location Date acquired Source of acquisition Cost, normal purchase price Full call number
06/05/2025   MBY00092 90000.00 06/05/2025 Books   Dewey Decimal Classification       CBE MBEYA CBE MBEYA Special Reserve Collection 12/08/2016 Purchase 30000.00  
06/28/2025   MBY000779 90000.00 06/28/2025 Books   Dewey Decimal Classification       CBE MBEYA CBE MBEYA General Collection 12/08/2016 Purchase 30000.00 380 RWA